COMM5 (Record no. 215904)
[ view plain ]
| 000 -LEADER | |
|---|---|
| fixed length control field | 00563nam a22001937a 4500 |
| 008 - FIXED-LENGTH DATA ELEMENTS--GENERAL INFORMATION | |
| fixed length control field | 250716b |||||||| |||| 00| 0 eng d |
| 020 ## - INTERNATIONAL STANDARD BOOK NUMBER | |
| International Standard Book Number | 978-1-337-40671-0 |
| 050 ## - LIBRARY OF CONGRESS CALL NUMBER | |
| Classification number | P 90 .S45 2018 |
| 100 ## - MAIN ENTRY--PERSONAL NAME | |
| Personal name | SELLNOW,DEANNA D. |
| 245 ## - TITLE STATEMENT | |
| Title | COMM5 |
| 250 ## - EDITION STATEMENT | |
| Edition statement | 5 |
| 260 ## - PUBLICATION, DISTRIBUTION, ETC. | |
| Place of publication, distribution, etc. | BOSTON, MA |
| Name of publisher, distributor, etc. | CENGAGE LEARNING, |
| Date of publication, distribution, etc. | 2018 |
| 300 ## - PHYSICAL DESCRIPTION | |
| Extent | VIII,312P.:ILL |
| 500 ## - GENERAL NOTE | |
| General note | INCLUDES BIBLIOGRAPHICAL REFERENCES AND INDEX |
| 650 ## - SUBJECT ADDED ENTRY | |
| Topical term or geographic name entry element | 1. COMMUNICATION 2. PUBLIC SPEAKING |
| 700 ## - ADDED ENTRY--PERSONAL NAME | |
| Personal name | VERDERBER, KATHLEEN S |
| -- | VERDERBER, RUDOLPH F. |
| 942 ## - ADDED ENTRY ELEMENTS (KOHA) | |
| Source of classification or shelving scheme | Library of Congress Classification |
| Koha item type | Long Loan Book |
| Withdrawn status | Lost status | Source of classification or shelving scheme | Damaged status | Not for loan | Collection | Home library | Current library | Shelving location | Date acquired | Inventory number | Total checkouts | Full call number | Barcode | Date last seen | Copy number | Price effective from | Koha item type |
|---|---|---|---|---|---|---|---|---|---|---|---|---|---|---|---|---|---|
| Library of Congress Classification | Arts & Social Sciences | Kisii University Library | Kisii University Library | On Display | 07/16/2025 | 109197 | P 90 .S45 2018 | 000000020285 | 07/16/2025 | 1 | 07/16/2025 | Long Loan Book | |||||
| Library of Congress Classification | Arts & Social Sciences | Kisii University Library | Kisii University Library | On Display | 07/16/2025 | 109198 | P 90 .S45 2018 | 000000020284 | 07/16/2025 | 2 | 07/16/2025 | Long Loan Book |